Fachserie / Statistisches Bundesamt / 10, Rechtspflege. Reihe 1, Ausgewählte Zahlen für die Rechtspflege 2005

Gespeichert in:  
Bibliographische Detailangaben
Medienart: Druck Buch
Sprache:Deutsch
Veröffentlicht: 2006
In: Fachserie / Statistisches Bundesamt, Wiesbaden
Jahr: 2006
Verfügbarkeit prüfen: HBZ Gateway
Subito Bestelldienst: Jetzt bestellen.

MARC

LEADER 00000cam a2200000 cc4500
001 1327299542
003 DE-627
005 20251228185609.0
007 tu
008 060926s2006 xx ||||| 00| ||ger c
035 |a (DE-627)1327299542 
035 |a (DE-576)257299548 
035 |a (DE-599)BSZ257299548 
040 |a DE-627  |b ger  |c DE-627  |e rakwb 
041 |a ger 
245 0 0 |a Fachserie / Statistisches Bundesamt  |p 10, Rechtspflege. Reihe 1, Ausgewählte Zahlen für die Rechtspflege  |n 2005 
264 1 |c 2006 
336 |a Text  |b txt  |2 rdacontent 
337 |a ohne Hilfsmittel zu benutzen  |b n  |2 rdamedia 
338 |a Band  |b nc  |2 rdacarrier 
773 1 8 |a Fachserie / Statistisches Bundesamt, Wiesbaden  |w (DE-627)131158414  |w (DE-576)032866240  |w (DE-600)1133408-3  |x 0722-4834  |g 2005  |q 2005,0000,00  |7 nnas 
889 |w (DE-627)517959593 
935 |i mdedup 
951 |a JV 
ELC |b 1 
LOK |0 000 xxxxxcx a22 zn 4500 
LOK |0 001 2526030463 
LOK |0 003 DE-627 
LOK |0 004 1327299542 
LOK |0 005 20090416114516 
LOK |0 008 070131||||||||||||||||ger||||||| 
LOK |0 040   |a DE-21-110  |c DE-627  |d DE-21-110 
LOK |0 541   |e Z 06/44 
LOK |0 852   |z 2 Exemplare 
LOK |0 852   |a DE-21-110 
LOK |0 852 1  |c H III 3  |m p  |9 00 
LOK |0 935   |a i110 
LOK |0 936ln  |a 4.6.5 
LOK |0 938   |k p 
LOK |0 939   |a 31-01-07  |b l01 
ORI |a SA-MARC-krimdoka001.raw